00500nam a22001577a 450000500170000001000150001702000260003203500140005803700090007208200080008110000250008924500470011426000440016127001180020530000190032320241213122120.0 aENG-142992 c100.00a9788187745204 aEN-126524 bDBAD a881 aDivendra, Annavaram  aFarmland fragrance/cBy Annavaram Divendra aAndhra PradeshbYugadi publishersc2011 aFlat No.406, Maruti Heaven Bhagath Nagar, Karim NagarbAndhra Pradeshe505001mannavaramdev@gmail.comk9440763479 a62p.c22Cm(pb)